Music Quiz

Random Music or Song Quiz
Score 0/10 Timer 10:00
0 Plays Today
Song lyrics % Correct
'You're on the phone with your girlfriend she's upset, she's going off about something that you said.'You belong with me
66.4%
'you sit there in your heartache, waiting on some beautiful boy to save you from your old ways.'when you were young
44.9%
'she said don't, don't let it go to your head.'You're so last summer
14.8%
'is it still me that makes you sweat? Am I who you think about in bed?'Lying is the most fun a girl can have without taking her clothes off
13.3%
'we'd be so free, happy alone, so far from home.'True love way
12.5%
'If you were falling, then i would catch you. You need a light, I'd find a match.'The Way I Am
10.5%
'I used to want this thing forever, ya'll can have it back.'I want this forever
10.2%
'before i fall to fast, kiss me quick but make it last.'Catch me
7%
'Cause my heart, it don't beat, it don't beat the way it used to.'For reasons unknown
6.3%
'come on just say it, you need me like a bad habit'one eighty by summer
2%
Remove Ads.
Support Sporcle.
Get the best of Sporcle when you Go Orange. This ad-free experience offers more features, more stats, and more fun while also helping to support Sporcle. Thank you for becoming a member.

You're not logged in!

Compare scores with friends on all Sporcle quizzes.
OR
Log In

Show Comments

Extras

Created Sep 30, 2009ReportNominate
Tags:Lyrics Quiz, Song Quiz

Top Quizzes Today


Score Distribution

Your Account Isn't Verified!

In order to create a playlist on Sporcle, you need to verify the email address you used during registration. Go to your Sporcle Settings to finish the process.

Report this User

Report this user for behavior that violates our Community Guidelines.

Details: